书目信息 |
| 题名: |
住得优雅
|
|
| 作者: | 中山繁信, 著 ;凤凰空间·北京 译 | |
| 分册: | ||
| 出版信息: | 南京 江苏凤凰科学技术出版社 2014 |
|
| 页数: | 207页 | |
| 开本: | 21cm | |
| 丛书名: | ||
| 单 册: | ||
| 中图分类: | TU241-64 | |
| 科图分类: | ||
| 主题词: | 住宅--zhu zhai--建筑设计--日本--现代--图集 | |
| 电子资源: | ||
| ISBN: | 978-7-5537-3606-8 | |
| 000 | 01286nam0 2200277 450 | |
| 001 | 0100004148 | |
| 005 | 20171114151158.63 | |
| 010 | @a978-7-5537-3606-8@dCNY39.80 | |
| 100 | @a20141124d2014 em y0chiy50 ea | |
| 101 | 1 | @achi@cjpn |
| 102 | @aCN@b320000 | |
| 105 | @aa z 000yy | |
| 200 | 1 | @a住得优雅@Azhu de you ya@e住宅设计的34个法则@f(日) 中山繁信著@g凤凰空间·北京译 |
| 210 | @a南京@c江苏凤凰科学技术出版社@d2014 | |
| 215 | @a207页@c图@d21cm | |
| 305 | @a本书据2005年日文版译出 | |
| 314 | @a中山繁信, 1942年出生于日本, 毕业于日本法政大学工学部建筑学科。现任日本工学院大学工学部建筑学科的教授, 日本大学生产工学部建筑工学科的特约讲师。 | |
| 330 | @a本书是以日本住宅案例来详细说明各种住宅设计改造巧思的图书, 由日本著名建筑师中山繁信图解34个设计法则, 用超过100幅精美插画和30多张实景照片, 帮助读者打造蕴含无限可能的居家风景, 对于建筑师、室内设计师及相关专业学生有一定的参考借鉴价值。 | |
| 333 | @a建筑师、室内设计师等相关人员 | |
| 517 | 1 | @a住宅设计的34个法则@Azhu zhai she ji de 34ge fa ze |
| 606 | 0 | @a住宅@Azhu zhai@x建筑设计@y日本@z现代@j图集 |
| 690 | @aTU241-64@v5 | |
| 701 | 0 | @a中山繁信,@Azhong shan fan xin@f1942-@4著 |
| 712 | 02 | @a凤凰空间·北京@Afeng huang kong jian · bei jing@4译 |
| 801 | 0 | @aCN@c20150830 |
| 905 | @a河南城建学院图书馆@dTU241-64@eZ687 | |
| 住得优雅:住宅设计的34个法则/(日) 中山繁信著/凤凰空间·北京译.-南京:江苏凤凰科学技术出版社,2014 |
| 207页:图;21cm |
| 使用对象:建筑师、室内设计师等相关人员 |
| ISBN 978-7-5537-3606-8:CNY39.80 |
| 本书是以日本住宅案例来详细说明各种住宅设计改造巧思的图书, 由日本著名建筑师中山繁信图解34个设计法则, 用超过100幅精美插画和30多张实景照片, 帮助读者打造蕴含无限可能的居家风景, 对于建筑师、室内设计师及相关专业学生有一定的参考借鉴价值。 |
| ● |
| 相关链接 |
|
|
|
正题名:住得优雅
索取号:TU241-64/Z687
 
预约/预借
| 序号 | 登录号 | 条形码 | 馆藏地/架位号 | 状态 | 备注 |
| 1 | 1225424 | 212254246 | 建筑库101/101建筑库 62排5列1层/ [索取号:TU241-64/Z687] | 在馆 | |
| 2 | 1225425 | 212254255 | 建筑库101/101建筑库 62排5列1层/ [索取号:TU241-64/Z687] | 在馆 | |
| 3 | 1225426 | 212254264 | 建筑与城市规划学院资料室/101建筑库 34排2列5层/ [索取号:TU241-64/Z687] | 在馆 | |
| 4 | 1308600 | 213086006 | 建筑与城市规划学院资料室/ [索取号:TU241-64/Z687] | 在馆 | |
| 5 | 1308601 | 213086015 | 建筑与城市规划学院资料室/ [索取号:TU241-64/Z687] | 在馆 |